[Event "POHÁR mìsta Øíèany 2013"]
[Site "Základní škola u øíèanského l"]
[Date "2013.08.30"]
[Round "8.13"]
[White "Schmalz, Michal"]
[Black "Jandl, Vojtech"]
[Result "1-0"]
[WhiteElo "2077"]
[BlackElo "1824"]
[PlyCount "97"]
[EventDate "2013.08.24"]

1. e4 c5 2. Nc3 Nc6 3. f4 g6 4. Nf3 Bg7 5. Bb5 Nd4 6. O-O a6 7. Bc4 e6 8. d3
Ne7 9. Nxd4 cxd4 10. Ne2 O-O 11. Qe1 f5 12. e5 Nc6 13. Qf2 d6 14. Nxd4 dxe5 15.
Nxc6 bxc6 16. c3 Kh8 17. Re1 Qc7 18. fxe5 Bxe5 19. Rxe5 Qxe5 20. Bf4 Qf6 21.
Qc5 Qf7 22. Be5+ Kg8 23. Bd4 Rd8 24. Qe5 Rxd4 25. Qxd4 Qa7 26. Qxa7 Rxa7 27. d4
a5 28. Re1 Kf7 29. b3 Kf6 30. Re5 g5 31. Kf2 h5 32. h4 gxh4 33. a4 Bd7 34. Kg1
h3 35. g3 Ra8 36. Kh2 h4 37. gxh4 Rg8 38. Rxa5 f4 39. Kxh3 Rg3+ 40. Kh2 Rg4 41.
Be2 Rxh4+ 42. Kg2 Rh8 43. Re5 Rg8+ 44. Kf2 Rb8 45. Bc4 Ke7 46. a5 Kd6 47. Kf3
Rf8 48. b4 Bc8 49. Re4 1-0

[Event "POHÁR mìsta Øíèany 2013"]
[Site "Základní škola u øíèanského l"]
[Date "2013.08.30"]
[Round "8.14"]
[White "Franek, Jan"]
[Black "Dungl, Martin"]
[Result "1-0"]
[WhiteElo "1970"]
[BlackElo "2075"]
[PlyCount "77"]
[EventDate "2013.08.24"]

1. e4 c5 2. Nf3 g6 3. d4 cxd4 4. Nxd4 Nc6 5. c4 Nf6 6. Nc3 d6 7. f3 Nxd4 8.
Qxd4 Bg7 9. Be3 O-O 10. Qd2 Be6 11. Rc1 Qa5 12. b3 Rfc8 13. Be2 a6 14. Na4
Qxd2+ 15. Kxd2 Nd7 16. g4 Rc6 17. Nc3 Nc5 18. Rhe1 Kf8 19. Bf1 b5 20. cxb5 axb5
21. Bxb5 Bxc3+ 22. Kxc3 Rb6 23. a4 Rbb8 24. Bxc5 dxc5 25. Kb2 c4 26. Bxc4 Rxa4
27. Bxe6 fxe6 28. Rc8+ Rxc8 29. bxa4 Rc4 30. Ra1 Ke8 31. a5 Kd7 32. a6 Rc8 33.
a7 Ra8 34. Kc3 Kc6 35. Kd4 Kd6 36. Ra6+ Kc7 37. Ke5 g5 38. h3 h6 39. Ra3 1-0

[Event "POHÁR mìsta Øíèany 2013"]
[Site "Základní škola u øíèanského l"]
[Date "2013.08.30"]
[Round "8.15"]
[White "Hadrava, Jaroslav"]
[Black "Vavrinec, Tomas"]
[Result "1/2-1/2"]
[WhiteElo "1915"]
[BlackElo "2015"]
[PlyCount "120"]
[EventDate "2013.08.24"]

1. e4 e6 2. d4 d5 3. e5 c5 4. Qg4 Qa5+ 5. Nd2 Nh6 6. Qf4 Nc6 7. Ngf3 cxd4 8.
Bd3 Nb4 9. O-O Nxd3 10. cxd3 Qa6 11. Qxd4 Nf5 12. Qc3 Bd7 13. Nb3 Rc8 14. Qd2
Bb5 15. Rd1 Qa4 16. Qa5 Bb4 17. Qxa4 Bxa4 18. Bd2 Be7 19. Rdc1 O-O 20. g4 Nh6
21. Bxh6 gxh6 22. Rxc8 Rxc8 23. Rc1 Rxc1+ 24. Nxc1 Bd1 25. Kg2 f6 26. d4 Bxf3+
27. Kxf3 fxe5 28. dxe5 Kf7 29. Nd3 b6 30. Ke2 Bc5 31. b4 Be7 32. b5 Ba3 33. f4
Kg6 34. Kf3 h5 35. h3 hxg4+ 36. hxg4 h5 37. gxh5+ Kxh5 38. f5 exf5 39. Nf4+ Kg5
40. Nxd5 Kg6 41. Ne3 Bb2 42. Nc4 Bd4 43. a4 Kf7 44. Nd6+ Ke6 45. Nc8 Bxe5 46.
Nxa7 Bc7 47. Nc6 Kd5 48. Ne7+ Ke6 49. Nc6 Kd5 50. Ne7+ Ke6 51. Nc6 Kf6 52. Ke3
Ke6 53. Nd4+ Ke5 54. Nc6+ Ke6 55. Nd4+ Kf6 56. Nc6 Ke6 57. Nd4+ Ke5 58. Nc6+
Kd5 59. Ne7+ Ke6 60. Nc6 Kd5 1/2-1/2

[Event "POHÁR mìsta Øíèany 2013"]
[Site "Základní škola u øíèanského l"]
[Date "2013.08.30"]
[Round "8.16"]
[White "Petras, Milan"]
[Black "Postupa, Pavel Jr"]
[Result "0-1"]
[WhiteElo "2006"]
[BlackElo "2260"]
[PlyCount "56"]
[EventDate "2013.08.24"]

1. e4 c5 2. Nf3 d6 3. c3 Nf6 4. Be2 Nbd7 5. Qc2 Qc7 6. O-O b6 7. a4 Bb7 8. d3
g6 9. Nbd2 Bg7 10. Nh4 d5 11. f4 c4 12. e5 cxd3 13. Bxd3 Ng4 14. Nb3 Ndxe5 15.
fxe5 Bxe5 16. Bb5+ Kf8 17. g3 d4 18. Qe2 Bxg3 19. Qxg4 Bxh2+ 20. Kf2 h5 21.
Qxd4 Kg8 22. Nxg6 Qg3+ 23. Ke2 Qxg6 24. Be3 Qg2+ 25. Rf2 Bf3+ 26. Kd2 Qh3 27.
Rxh2 Qxh2+ 28. Kd3 Qe2# 0-1

[Event "POHÁR mìsta Øíèany 2013"]
[Site "Základní škola u øíèanského l"]
[Date "2013.08.30"]
[Round "8.17"]
[White "Kotzot, Jiri"]
[Black "Postupa, Pavel Sr"]
[Result "0-1"]
[WhiteElo "2194"]
[BlackElo "2017"]
[PlyCount "76"]
[EventDate "2013.08.24"]

1. e4 c5 2. Nf3 e6 3. d4 cxd4 4. Nxd4 Nc6 5. Nc3 Nf6 6. g3 a6 7. Bg2 Qc7 8. O-O
d6 9. Re1 Bd7 10. Nxc6 Bxc6 11. Nd5 Qd8 12. Be3 Bxd5 13. exd5 e5 14. c4 Be7 15.
f4 exf4 16. Bxf4 O-O 17. Qf3 Re8 18. Re2 Bf8 19. Rae1 Qa5 20. Qb3 Qxe1+ 21.
Rxe1 Rxe1+ 22. Kf2 Rae8 23. Bf3 Nd7 24. Bd2 Nc5 25. Qc2 R1e7 26. Bf4 Ne4+ 27.
Kg1 g5 28. Bxe4 Rxe4 29. Bxg5 Re1+ 30. Kf2 Bg7 31. Bf4 Bd4+ 32. Kf3 Rf1+ 33.
Kg4 Rf2 34. Qf5 Rxh2 35. Qd7 Rf8 36. Bxd6 f5+ 37. Kf4 Rf2+ 38. Kg5 Bf6+ 0-1

[Event "POHÁR mìsta Øíèany 2013"]
[Site "Základní škola u øíèanského l"]
[Date "2013.08.30"]
[Round "8.18"]
[White "Pycha, Patrik"]
[Black "Kohout, Vratislav"]
[Result "0-1"]
[WhiteElo "1981"]
[BlackElo "2112"]
[PlyCount "72"]
[EventDate "2013.08.24"]

1. e4 c5 2. Nf3 e6 3. d4 cxd4 4. Nxd4 Nf6 5. Nc3 d6 6. g4 h6 7. h4 a6 8. Rg1
Nfd7 9. Be3 Qc7 10. g5 hxg5 11. hxg5 g6 12. Qd2 Nc6 13. O-O-O Nc5 14. f4 Bd7
15. f5 O-O-O 16. f6 Ne5 17. Bd3 Kb8 18. Kb1 Rc8 19. Rh1 Rxh1 20. Rxh1 Bc6 21.
Nxc6+ Qxc6 22. Bf4 Ncd7 23. Rd1 Qc5 24. Na4 Qc7 25. Nc3 Ka8 26. Ne2 Qc5 27. Be3
Qc6 28. Bf4 Qa4 29. Nc3 Qa5 30. Ne2 Qc5 31. Be3 Nf3 32. Bxc5 Nxd2+ 33. Rxd2
Rxc5 34. Nc1 Rxg5 35. Rf2 Rg1 36. b4 Bh6 0-1

[Event "POHÁR mìsta Øíèany 2013"]
[Site "Základní škola u øíèanského l"]
[Date "2013.08.30"]
[Round "8.19"]
[White "Misicko, Jan"]
[Black "Skala, Jaromir"]
[Result "1/2-1/2"]
[WhiteElo "2074"]
[BlackElo "2011"]
[PlyCount "45"]
[EventDate "2013.08.24"]

1. c4 Nf6 2. g3 g6 3. Bg2 Bg7 4. Nc3 d6 5. e4 e5 6. Nge2 c6 7. O-O Be6 8. d3
Qd7 9. f3 Bh3 10. d4 Bxg2 11. Kxg2 h5 12. dxe5 dxe5 13. Qxd7+ Nbxd7 14. Be3 O-O
15. Rad1 Rfd8 16. Na4 Bf8 17. Rd2 Nb6 18. Nxb6 Rxd2 19. Bxd2 axb6 20. a3 Rd8
21. Bc3 Bg7 22. Nc1 Ne8 23. Kf2 1/2-1/2

[Event "POHÁR mìsta Øíèany 2013"]
[Site "Základní škola u øíèanského l"]
[Date "2013.08.30"]
[Round "8.20"]
[White "Janacek, Jaroslav"]
[Black "Pavlicek, Petr"]
[Result "1/2-1/2"]
[WhiteElo "2038"]
[BlackElo "1976"]
[PlyCount "178"]
[EventDate "2013.08.24"]

1. Nf3 Nf6 2. c4 e6 3. g3 Be7 4. Bg2 O-O 5. O-O d5 6. b3 Ne4 7. Bb2 Bf6 8. Qc2
Bxb2 9. Qxb2 Qf6 10. Qxf6 Nxf6 11. cxd5 exd5 12. Nc3 c6 13. e3 Bf5 14. Rfc1
Nbd7 15. b4 Rac8 16. Nd4 Bd3 17. Bh3 Rcd8 18. Bxd7 Rxd7 19. Na4 Ne4 20. Nc5
Nxc5 21. Rxc5 Re8 22. Rc3 Bg6 23. a4 a6 24. f4 f6 25. Kf2 Bf7 26. Rb1 g6 27.
Rb2 h5 28. Nb3 Be6 29. Nc5 Rde7 30. b5 axb5 31. axb5 Bf5 32. bxc6 bxc6 33. Rb7
Bc8 34. Rxe7 Rxe7 35. Ra3 Kf7 36. Ra8 Rc7 37. d4 Ke7 38. h4 Kf7 39. Ke1 Ke7 40.
Kd2 Kf7 41. Kc3 Kg7 42. Kb4 Bf5 43. Rb8 Re7 44. Rb7 Kf8 45. Rxe7 Kxe7 46. Ka5
Kd6 47. Kb6 Bc8 48. Ka7 Bf5 49. Kb8 Bh3 50. Nb7+ Kd7 51. Na5 Bf5 52. Kb7 Kd6
53. Nxc6 Bg4 54. Kb6 Bf3 55. Nd8 Kd7 56. Nb7 Ke6 57. Kc5 Kf5 58. Kd6 Kg4 59.
Ke7 Kxg3 60. Kxf6 Kxh4 61. Kxg6 Kg4 62. Nc5 h4 63. f5 h3 64. f6 h2 65. f7 h1=Q
66. f8=Q Qh5+ 67. Kg7 Qg5+ 68. Kf7 Qf5+ 69. Kg8 Qxf8+ 70. Kxf8 Kg3 71. Ke7 Kf2
72. Kd6 Kxe3 73. Ke5 Bg2 74. Ne6 Bf3 75. Nf4 Kd2 76. Nxd5 Kd3 77. Nb6 Kc3 78.
Nd7 Kc4 79. Nc5 Bc6 80. Ne4 Kd3 81. Ng5 Kc4 82. Ne6 Bg2 83. Nc7 Bb7 84. Ne8 Ba8
85. Nd6+ Kd3 86. Nb5 Bg2 87. Nd6 Bf3 88. Nb5 Bg2 89. Kd6 Kc4 1/2-1/2

[Event "POHÁR mìsta Øíèany 2013"]
[Site "Základní škola u øíèanského l"]
[Date "2013.08.30"]
[Round "8.21"]
[White "Rut, Vojtech"]
[Black "Havelka, Jan"]
[Result "0-1"]
[WhiteElo "2078"]
[BlackElo "1774"]
[PlyCount "104"]
[EventDate "2013.08.24"]

1. d4 Nf6 2. c4 c5 3. d5 b5 4. cxb5 a6 5. bxa6 g6 6. Nc3 Bxa6 7. g3 d6 8. Bg2
Bg7 9. Nf3 O-O 10. O-O Nbd7 11. Rb1 Qa5 12. Bd2 Rfb8 13. Qc2 Qc7 14. b3 Ng4 15.
a4 Nge5 16. Nxe5 Nxe5 17. h3 Ra7 18. Rfe1 Rab7 19. f4 Nd7 20. Kh2 Qc8 21. Ne4
Nf6 22. Nxf6+ Bxf6 23. e4 Qd8 24. e5 Bg7 25. Bc3 f5 26. exd6 exd6 27. Bxg7 Rxg7
28. Re6 Bc8 29. Re3 Re7 30. Rbe1 Rbb7 31. Qe2 Kf7 32. Bf1 Rxe3 33. Qxe3 Re7 34.
Qxe7+ Qxe7 35. Rxe7+ Kxe7 36. Kg2 Kd8 37. Kf3 Kc7 38. g4 Kb6 39. Bc4 Ka5 40.
Kg3 Kb4 41. Kh4 h6 42. g5 h5 43. Kg3 Bd7 44. Be2 Kxb3 45. Bb5 Bc8 46. Kf2 c4
47. Ke2 c3 48. Kd1 Kb2 49. Bd3 Ba6 50. Bc2 Bc4 51. a5 Bxd5 52. a6 Bf3+ 0-1

[Event "POHÁR mìsta Øíèany 2013"]
[Site "Základní škola u øíèanského l"]
[Date "2013.08.30"]
[Round "8.22"]
[White "Kolasin, Jan"]
[Black "Havlik, Frantisek"]
[Result "0-1"]
[WhiteElo "2038"]
[BlackElo "1986"]
[PlyCount "70"]
[EventDate "2013.08.24"]

1. e4 e5 2. Nf3 Nc6 3. Bb5 a6 4. Ba4 Nf6 5. O-O Be7 6. Re1 b5 7. Bb3 O-O 8. c3
d6 9. h3 Nb8 10. d4 Nbd7 11. Nbd2 Bb7 12. a4 c5 13. d5 Re8 14. Nf1 Bf8 15. g4
g6 16. Ng3 c4 17. Bc2 Nc5 18. Nh2 Nfd7 19. g5 Bg7 20. Ng4 Rf8 21. h4 f6 22. Kg2
fxg5 23. hxg5 Rf4 24. Nh2 Qxg5 25. Rh1 Raf8 26. Nf3 Qe7 27. Bxf4 exf4 28. Nf5
gxf5 29. exf5 Nf6 30. Ng5 Nxd5 31. f6 Nxf6+ 32. f3 h6 33. Re1 Qd8 34. Ne6 Nxe6
35. Rxe6 Nd5 0-1

[Event "POHÁR mìsta Øíèany 2013"]
[Site "Základní škola u øíèanského l"]
[Date "2013.08.30"]
[Round "8.23"]
[White "Krejci, Martin"]
[Black "Sochor, Martin"]
[Result "1/2-1/2"]
[WhiteElo "2005"]
[BlackElo "1885"]
[PlyCount "52"]
[EventDate "2013.08.24"]

1. e4 c6 2. d4 d5 3. Nc3 dxe4 4. Nxe4 Bf5 5. Ng3 Bg6 6. h4 h6 7. Nf3 Nd7 8. h5
Bh7 9. Bd3 Bxd3 10. Qxd3 Qc7 11. Bd2 e6 12. O-O-O Ngf6 13. Ne4 O-O-O 14. g3
Nxe4 15. Qxe4 Bd6 16. Qe2 Nf6 17. c4 c5 18. Bc3 cxd4 19. Nxd4 a6 20. Kb1 Rd7
21. Nb3 Rhd8 22. Ba5 b6 23. c5 bxa5 24. Qxa6+ Qb7 25. Qxb7+ Kxb7 26. cxd6 Kb6
1/2-1/2

[Event "POHÁR mìsta Øíèany 2013"]
[Site "Základní škola u øíèanského l"]
[Date "2013.08.30"]
[Round "8.24"]
[White "Marsalek, Lubos"]
[Black "Berg, Antonin"]
[Result "1-0"]
[WhiteElo "1997"]
[BlackElo "1826"]
[PlyCount "97"]
[EventDate "2013.08.24"]

1. b3 d5 2. Bb2 Nf6 3. e3 e6 4. f4 Be7 5. Nf3 O-O 6. Be2 c5 7. O-O Nc6 8. c4 b6
9. a3 Bb7 10. Qc2 Ne4 11. d3 Nd6 12. Nc3 Nf5 13. Nd1 Bf6 14. g4 Bxb2 15. Qxb2
Nd6 16. Nf2 Ne7 17. Qe5 Ng6 18. Qh5 d4 19. Ng5 h6 20. Nxe6 fxe6 21. Qxg6 Rf6
22. Qh5 dxe3 23. Nh3 Nf7 24. g5 g6 25. Qg4 h5 26. Qg3 Rf5 27. Qxe3 e5 28. Bf3
exf4 29. Qe6 Qd4+ 30. Kg2 Bxf3+ 31. Rxf3 Qb2+ 32. Rf2 f3+ 33. Kg3 h4+ 34. Kxh4
Qd4+ 35. Qe4 Qh8+ 36. Kg3 Rd8 37. Re1 Qh5 38. Qh4 Qxh4+ 39. Kxh4 Rxd3 40. Re4
Rxb3 41. Rf4 Rxa3 42. Rxf5 gxf5 43. g6 Ne5 44. Kg5 Nxc4 45. Nf4 Re3 46. h4 Ne5
47. Rd2 c4 48. Rd8+ Kg7 49. Ne6# 1-0

[Event "POHÁR mìsta Øíèany 2013"]
[Site "Základní škola u øíèanského l"]
[Date "2013.08.30"]
[Round "8.25"]
[White "Hanl, Frantisek"]
[Black "Koper, Stefan"]
[Result "1-0"]
[WhiteElo "1964"]
[BlackElo "1992"]
[PlyCount "51"]
[EventDate "2013.08.24"]

1. e4 b6 2. d4 e6 3. f4 d5 4. e5 c5 5. c3 g6 6. Nf3 h5 7. a3 c4 8. b3 cxb3 9.
Qxb3 Nc6 10. a4 Bd7 11. Ba3 Na5 12. Qc2 Rc8 13. Bxf8 Kxf8 14. Na3 Ne7 15. Nb5
Bxb5 16. axb5 Kg7 17. Bd3 Rc7 18. O-O Qd7 19. Rfe1 Rhc8 20. h3 Nc4 21. Qb3 Nf5
22. Bxf5 exf5 23. Ra2 Na5 24. Qb2 Qe7 25. Raa1 Rb7 26. Rac1 {dale necitelne}
1-0

[Event "POHÁR mìsta Øíèany 2013"]
[Site "Základní škola u øíèanského l"]
[Date "2013.08.30"]
[Round "8.26"]
[White "Kindl, Frantisek"]
[Black "Grecny, Karol"]
[Result "1/2-1/2"]
[WhiteElo "1922"]
[BlackElo "1934"]
[PlyCount "120"]
[EventDate "2013.08.24"]

1. Nf3 e6 2. c4 d5 3. g3 Nf6 4. Bg2 c6 5. b3 Be7 6. Bb2 Nbd7 7. O-O O-O 8. Qc2
Re8 9. d3 Bd6 10. Nbd2 Nf8 11. d4 Ng6 12. Ne5 Bxe5 13. dxe5 Ng4 14. Nf3 Qc7 15.
Qc3 dxc4 16. h3 Nh6 17. Qxc4 b6 18. e4 Bb7 19. Rfd1 Rad8 20. Rac1 Rxd1+ 21.
Rxd1 Rd8 22. Qc2 c5 23. Rd3 Qe7 24. Qd2 Rxd3 25. Qxd3 f6 26. exf6 gxf6 27. Nd2
Nf7 28. f4 e5 29. f5 Nf8 30. Nc4 Ba6 31. Qd5 Qd7 32. Ne3 Bb7 33. Qxd7 Nxd7 34.
Nc4 Ba6 35. Bf1 Bb7 36. Bd3 Nb8 37. Bc1 Nc6 38. Kf2 Ne7 39. g4 Nc8 40. h4 Ncd6
41. g5 fxg5 42. hxg5 Nxe4+ 43. Bxe4 Bxe4 44. f6 Bb1 45. a3 Bc2 46. b4 cxb4 47.
axb4 Bb3 48. Nd2 Bd5 49. Nf3 Bxf3 50. Kxf3 Nd6 51. Kg4 Kf7 52. Kh5 Nf5 53. Kg4
Nd4 54. Bb2 a5 55. bxa5 bxa5 56. Kh5 Nf3 57. Kg4 e4 58. Kf4 Kg6 59. Kxe4 Nxg5+
60. Ke5 h5 1/2-1/2

[Event "POHÁR mìsta Øíèany 2013"]
[Site "Základní škola u øíèanského l"]
[Date "2013.08.30"]
[Round "8.27"]
[White "Brcak, Marek"]
[Black "Hlina, Milos"]
[Result "1-0"]
[WhiteElo "1902"]
[BlackElo "1862"]
[PlyCount "49"]
[EventDate "2013.08.24"]

1. e4 d5 2. exd5 Qxd5 3. Nc3 Qd8 4. d4 c6 5. Nf3 Bg4 6. Be3 Nf6 7. Be2 e6 8.
Ne5 Bxe2 9. Qxe2 Be7 10. O-O O-O 11. Rad1 Nbd7 12. Rd3 Qa5 13. Bf4 Rfd8 14. Rg3
g6 15. Re1 Nd5 16. Nxd5 Qxd5 17. c4 Qxd4 18. Nxf7 Rf8 19. Be3 Qg7 20. Bh6 Qxf7
21. Rf3 Bf6 22. Bxf8 Rxf8 23. Rd1 Qe7 24. Rfd3 Qc5 25. Rxd7 1-0

[Event "POHÁR mìsta Øíèany 2013"]
[Site "Základní škola u øíèanského l"]
[Date "2013.08.30"]
[Round "8.28"]
[White "Stork, Rostislav"]
[Black "Paukert, Jan"]
[Result "0-1"]
[WhiteElo "1814"]
[BlackElo "1900"]
[PlyCount "90"]
[EventDate "2013.08.24"]

1. Nc3 d5 2. d4 Nf6 3. Nf3 g6 4. Bf4 Bg7 5. Qd2 c6 6. Bh6 O-O 7. Bxg7 Kxg7 8.
Ne5 Nbd7 9. f3 Nxe5 10. dxe5 Nd7 11. Qd4 Qb6 12. Qxb6 Nxb6 13. e4 d4 14. Ne2
Nc4 15. Nxd4 Nxb2 16. Rb1 Na4 17. Bc4 Nb6 18. Bb3 c5 19. Nb5 c4 20. Nc7 Rb8 21.
Bxc4 Nxc4 22. Na6 Bd7 23. Nxb8 Rxb8 24. Ke2 Bc6 25. e6 f6 26. h4 Na3 27. Rb2
Nb5 28. c4 Nc7 29. Ke3 Nxe6 30. g3 Rd8 31. Rhh2 Nc5 32. Rbd2 Rxd2 33. Rxd2 Nd7
34. Kd4 Kf7 35. c5 e5+ 36. Kc4 Ke7 37. a3 Nf8 38. Kb4 Ne6 39. Rf2 Nd4 40. a4 f5
41. exf5 gxf5 42. f4 e4 43. Kc3 Nf3 44. Kb4 Ke6 45. Rf1 e3 0-1

[Event "POHÁR mìsta Øíèany 2013"]
[Site "Základní škola u øíèanského l"]
[Date "2013.08.30"]
[Round "8.29"]
[White "Plchot, Miroslav"]
[Black "Skvaril, Michal"]
[Result "1/2-1/2"]
[WhiteElo "1887"]
[BlackElo "1708"]
[PlyCount "88"]
[EventDate "2013.08.24"]

1. c4 e6 2. d4 d5 3. Nc3 Nf6 4. Nf3 Be7 5. e3 O-O 6. Be2 Nbd7 7. O-O b6 8. b3
Bb7 9. Bb2 Rc8 10. cxd5 exd5 11. Qd2 c5 12. Rad1 Qc7 13. Bd3 Rfd8 14. Bb1 a6
15. Rc1 g6 16. Ne2 Bf8 17. Ng3 Bg7 18. Rfe1 Ne4 19. Qe2 Ndf6 20. Nd2 Re8 21.
Bd3 Nxd2 22. Qxd2 c4 23. bxc4 dxc4 24. Rxc4 Qd7 25. Rxc8 Rxc8 26. e4 Ne8 27. e5
Nc7 28. Ne4 Bxe4 29. Rxe4 b5 30. Bc2 Nd5 31. Bb3 Rd8 32. h3 Qf5 33. Re1 Nf4 34.
Qd1 Nd3 35. Re2 Nxe5 36. Bc2 Qh5 37. Qe1 Nc4 38. Re8+ Rxe8 39. Qxe8+ Bf8 40.
Bb3 Nd6 41. Qd8 Qe2 42. Bc3 Ne4 43. Bb4 Qxf2+ 44. Kh2 Qf4+ 1/2-1/2

[Event "POHÁR mìsta Øíèany 2013"]
[Site "Základní škola u øíèanského l"]
[Date "2013.08.30"]
[Round "8.30"]
[White "Svoboda, Jaroslav"]
[Black "Konvalinka, Vladislav"]
[Result "0-1"]
[WhiteElo "1557"]
[BlackElo "1886"]
[PlyCount "80"]
[EventDate "2013.08.24"]

1. e4 e6 2. d4 d5 3. Nc3 Nf6 4. e5 Nfd7 5. Nf3 c5 6. Be2 Nc6 7. Be3 cxd4 8.
Bxd4 Nxd4 9. Qxd4 Bc5 10. Qg4 O-O 11. O-O f5 12. Qf4 Be7 13. Nb5 a6 14. Nd6
Nxe5 15. Nxe5 Bxd6 16. Rfe1 b5 17. Bd3 Ra7 18. Qe3 Rc7 19. a4 b4 20. Qh3 Qf6
21. f4 Bc5+ 22. Kh1 Bb7 23. Qh5 g6 24. Qh6 Qg7 25. Qg5 Be7 26. Qg3 Bd6 27. Qe3
Qe7 28. Qg3 Qf6 29. Rac1 Rg7 30. Re2 g5 31. Rf1 Qh6 32. fxg5 Rxg5 33. Qe3 Qg7
34. Nf3 Rg6 35. Ne5 d4 36. Qf4 Rxg2 37. Be4 Rxe2 38. Bxb7 Qxb7+ 39. Rf3 Bxe5
40. Qg5+ Qg7 0-1

[Event "POHÁR mìsta Øíèany 2013"]
[Site "Základní škola u øíèanského l"]
[Date "2013.08.30"]
[Round "8.31"]
[White "Havelka, Petr"]
[Black "Rihova, Kamila"]
[Result "1/2-1/2"]
[WhiteElo "1865"]
[BlackElo "1687"]
[PlyCount "20"]
[EventDate "2013.08.24"]

1. d4 d5 2. Nf3 Nf6 3. e3 e6 4. c4 c6 5. Nc3 Nbd7 6. Bd3 Bd6 7. O-O O-O 8. Qc2
h6 9. b3 b6 10. Bb2 Bb7 1/2-1/2

[Event "POHÁR mìsta Øíèany 2013"]
[Site "Základní škola u øíèanského l"]
[Date "2013.08.30"]
[Round "8.32"]
[White "Forman, Miroslav"]
[Black "Trochta, Vojtech"]
[Result "1-0"]
[WhiteElo "1925"]
[BlackElo "1724"]
[PlyCount "67"]
[EventDate "2013.08.24"]

1. Nf3 d5 2. c4 c6 3. e3 Bg4 4. cxd5 cxd5 5. Qa4+ Bd7 6. Qb3 Bc6 7. Nc3 e6 8.
d4 Nf6 9. Bd3 Nbd7 10. Bd2 Be7 11. g4 h5 12. gxh5 Rxh5 13. O-O-O Ne4 14. Be1 a6
15. Kb1 b5 16. Ne2 Nb6 17. Ne5 Rc8 18. Nf4 Rh8 19. Bxe4 dxe4 20. Ba5 g5 21.
Nxe6 Qd5 22. Bxb6 Qxb3 23. axb3 fxe6 24. Rc1 Bd7 25. Rxc8+ Bxc8 26. Bc7 Bb7 27.
Ng6 Rg8 28. Nxe7 Kxe7 29. Rg1 Kf7 30. Be5 Bd5 31. Rg4 Kg6 32. Ka2 Kh5 33. Rg1
Rf8 34. Rg2 1-0

[Event "POHÁR mìsta Øíèany 2013"]
[Site "Základní škola u øíèanského l"]
[Date "2013.08.30"]
[Round "8.33"]
[White "Mihal, Sergej"]
[Black "Zamorsky, Ladislav"]
[Result "1/2-1/2"]
[WhiteElo "1771"]
[BlackElo "1778"]
[PlyCount "80"]
[EventDate "2013.08.24"]

1. e4 e5 2. Nf3 Nc6 3. Bc4 Bc5 4. c3 Nf6 5. d4 exd4 6. cxd4 Bb4+ 7. Nc3 Nxe4 8.
O-O Bxc3 9. d5 Ne5 10. bxc3 Nxc4 11. Qd4 O-O 12. Qxe4 b5 13. Re1 Bb7 14. Ng5 f5
15. Qh4 h6 16. f4 Bxd5 17. Be3 Nxe3 18. Rxe3 Qf6 19. Rae1 Be4 20. Qh5 d5 21.
Kh1 c5 22. Rg3 d4 23. cxd4 cxd4 24. Rg1 Rab8 25. Nf3 Kh7 26. Rg6 Bxf3 27. gxf3
Qf7 28. R1g3 Rb6 29. Rxg7+ Qxg7 30. Rxg7+ Kxg7 31. Qh4 Rff6 32. Qf2 Rbe6 33.
Kg2 a6 34. a4 bxa4 35. Kh3 a3 36. Kh4 Rf7 37. Kh5 d3 38. h4 d2 39. Qd4+ Rff6
40. Qxd2 a2 1/2-1/2

[Event "POHÁR mìsta Øíèany 2013"]
[Site "Základní škola u øíèanského l"]
[Date "2013.08.31"]
[Round "9.1"]
[White "Sharashenidze, Akaki"]
[Black "Mejzlik, Ondrej"]
[Result "1/2-1/2"]
[WhiteElo "2349"]
[BlackElo "2255"]
[PlyCount "0"]
[EventDate "2013.08.24"]

1. c4 e5 2. Nc3 Nc6 3. g3 f5 4. Bg2 Nf6 5. d3 Bc5 6. e3 O-O 7. Nge2 d6 8. a3 a5
9. O-O Bd7 10. Rb1 g5 11. d4 Ba7 12. b4 Qe7 13. Nd5 Nxd5 14. Bxd5+ Kg7 15. b5
Nd8 16. dxe5 dxe5 17. Bb2 c6 18. Bg2 Kg8 19. Bxe5 Qxe5 20. Qxd7 Rf7 21. Qd2 Bc5
22. a4 Bb4 23. Qd4 Qe7 24. Rbd1 Rc8 25. Qa1 Ne6 26. Qe5 Qf6 27. Qxf6 Rxf6
28. Ra1 Kf8 29. bxc6 bxc6 30. Rfd1 Ke7 31. Nd4 Nxd4 32. exd4 Kd6 33. Rac1 Rd8
34. c5+ Kc7 35. d5 cxd5 36. Rxd5 Rxd5 37. Bxd5 f4 38. gxf4 Rxf4 39. c6 h5 40. h3
h4 41. Kg2 Bd6 42. Rb1 Rb4 43. Rxb4 axb4 {(=)} 44. Kf3 Bh2 45. Kg4 Bf4  1/2-1/2

[Event "POHÁR mìsta Øíèany 2013"]
[Site "Základní škola u øíèanského l"]
[Date "2013.08.31"]
[Round "9.2"]
[White "Svatos, Jan"]
[Black "Vorisek, Jaroslav"]
[Result "1-0"]
[WhiteElo "2287"]
[BlackElo "2276"]
[PlyCount "0"]
[EventDate "2013.08.24"]

1. Nf3 d5 2. c4 e6 3. d4 Nf6 4. Nc3 Be7 5. Bg5 O-O 6. e3 Nbd7 7. Qc2 c6 8. cxd5
exd5 9. Bd3 Re8 10. O-O Nf8 11. a3 Be6 12. b4 Rc8 13. Ne5 h6 14. Bh4 N6d7
15. Bxe7 Qxe7 16. Nxd7 Nxd7 17. Na4 b6 18. Rfc1 Qd6 19. Ba6 Rc7 20. Nc3 Nb8
21. Nb5 cxb5 22. Qxc7 Qxc7 23. Rxc7 Nxa6 24. Rxa7 Nb8 25. Rc1 Nd7 26. f3 Rd8
27. Kf2 Kf8 28. g4 g6 29. Rc6 Ke8 30. Kg3 h5 31. gxh5 gxh5 32. Rac7 Ke7 33. Rc8
Rxc8 34. Rxc8 Bf5 35. Rc6 f6 36. Kf4 Bd3 37. e4 Bc4 38. Kf5 Be2 39. Re6+ Kd8
40. Rd6 Ke7 41. Rxd5 Bxf3 42. Kf4 Be2 43. Ke3 Bg4 44. Rxb5 Ke6 45. a4 f5 46. a5
Kd6 47. a6 Kc6 48. Rd5 fxe4 49. b5+ Kc7 50. Rg5 Nf6 51. Rg7+ Kb8 52. Rg6 Nd5+
53. Kxe4 Nc7 54. Rxb6+ Kc8 55. Ke5 Be2 56. d5 Nxb5 57. d6 1-0

[Event "POHÁR mìsta Øíèany 2013"]
[Site "Základní škola u øíèanského l"]
[Date "2013.08.31"]
[Round "9.3"]
[White "Gregor, Jiri"]
[Black "Moravec, Vit"]
[Result "1/2-1/2"]
[WhiteElo "2253"]
[BlackElo "2159"]
[PlyCount "0"]
[EventDate "2013.08.24"]

1. d4 d5 2. c4 e6 3. Nc3 Nf6 4. e3 Be7 5. Nf3 O-O 6. Qc2 b6 7. a3 Bb7 8. cxd5
exd5 9. Bd3 Nbd7 10. O-O c5 11. Ne5 Rc8 12. Bf5 g6 13. Bh3 Bd6 14. f4 a6 15. Qe2
Rc7 16. Bd2 b5 17. Na2 Nb6 18. Ba5 Re7 19. Nc3 cxd4 20. exd4 Bc7 21. Qf2 Nc4
22. Bxc7 Rxc7 23. f5 Bc8 24. Rac1 Nd6 25. fxg6 fxg6 26. Bxc8 Qxc8 27. Qh4 Nf5
28. Qf4 Qb7 29. g4 Ng7 30. Nxd5 Qxd5 31. Rxc7 Ne6 32. Qc1 Nxc7 33. Qxc7 Qxd4+
34. Kh1 Qd5+ 1/2-1/2

[Event "POHÁR mìsta Øíèany 2013"]
[Site "Základní škola u øíèanského l"]
[Date "2013.08.31"]
[Round "9.4"]
[White "Mejzlik, Vojtech"]
[Black "Liuba, Volodymyr"]
[Result "1-0"]
[WhiteElo "2106"]
[BlackElo "2196"]
[PlyCount "0"]
[EventDate "2013.08.24"]

1. c4 Nf6 2. Nc3 e6 3. e4 e5 4. g3 Nc6 5. Bg2 h5 6. d3 Bc5 7. Bg5 d6 8. Qd2 a5
9. Nge2 Bg4 10. f3 Be6 11. f4 Nd4 12. O-O-O c6 13. Nxd4 exd4 14. Nb1 Qb6 15. h3
a4 16. a3 Qa6 17. f5 Bd7 18. Rhe1 O-O-O 19. e5 dxe5 20. Rxe5 b6 21. Qf2 Bd6
22. Re2 Be5 23. Nd2 Rhe8 24. Ne4 Nxe4 25. Bxe4 Bf6 26. Bf4 Rxe4 27. Rxe4 Bxf5
28. Re2 Bxh3 29. Rde1 Bd7 30. Qf3 g5 31. Bd2 b5 32. Qxf6 bxc4 33. Bxg5 Rg8
34. Qe5 Qb5 35. dxc4 Qxc4+ 36. Rc2 Qa2 37. Qc5 Qa1+ 38. Kd2 f5 39. Re7 d3
40. Rxd7 1-0